The development of cognitive anthropology

Αποθηκεύτηκε σε:
Λεπτομέρειες βιβλιογραφικής εγγραφής
Κύριος συγγραφέας: D'Andrade, Roy G.
Μορφή: Βιβλίο
Γλώσσα:English
Δημοσίευση: Cambridge : Cambridge University Press, 1996
Θέματα:
Ετικέτες: Προσθήκη ετικέτας
Δεν υπάρχουν, Καταχωρήστε ετικέτα πρώτοι!

MARC

LEADER 00000nam a2200000 i 4500
001 1/11944
008 980123s1996 eng d
020 |a 0-521-45370-4 
035 |1 ΠΑΡ  |a 1997  |l 10018445 
040 |a GR-MY-UA  |b gre  |e aacr 
041 0 |a eng 
082 0 |a 155.8 
100 1 |a D'Andrade, Roy G. 
245 1 4 |a The development of cognitive anthropology /  |c Roy D'Andrade 
260 |a Cambridge :   |b Cambridge University Press,   |c 1996 
300 |a 272 p.  |b fig.; tables 
504 |a Includes bibliographical references 
650 0 0 |a Ethnopsychology. 
650 0 0 |a Cognition and culture. 
852 |a INST  |b LESVOS  |e 19980123  |h 155.8 DAN  |p 005100015271  |q 005100015271  |t BK  |y 0 
909 |a Λ  |b 052124 
950 |a 086/1996-02-06